000 00694nam a22002417a 4500
003 UA-OsUOA
001 46682
007 ta
008 20120508b un ||||| |||| 00| 0 ukr d
100 _aСинежупанець М.
090 _a09.-82-3
_bС38
942 _cBK
040 _aUA-OsUOA
_bukr
_cUA-OsUOA
_dUA-OsUOA
245 _aГостинці
_bзбірка фейлетонів
300 _a87 с.
955 _a3
041 _aukr
080 _a09.-82-3
260 _aЗальцведель
_c1920
650 7 _a0 Загальний відділ.
_2UDC
999 _c426784
_d426784